00403 2200157 4500001002100000008004100021035002000062245005500082100002100137250000600158260003300164084001400197082000800211650001400219990001200233INLIS000000000001481 ind  a0010-1124000004 aOlimpiade Matematika Untuk SMA/MAcSuwah Sembiring aSembiring, Suwah a1 aBandung :bIrama Widyac2010 a510 SUW o a510 aNon Fiksi a0715309